Famosos #1 - Statistics

Estatísticas Gerais
  • Esse quiz foi jogado 428 vezes
  • A pontuação média é 7 de 15
Estatísticas das Respostas
Imagem Resposta % Correto
Harry Styles
82%
Mark Ruffalo
72%
Keanu Reeves
68%
Tobey Maguire
68%
Ryan Reynolds
65%
Scarlett Johansson
62%
Elizabeth Olsen
60%
Tom Felton
49%
Nina Dobrev
43%
Emilia Clarke
34%
Elle Fanning
21%
Olivia Wilde
18%
Hugh Laurie
15%
EmmaThompson
10%
Christina Perri
2%
Nenhum quiz correspondente encontrado
Distribuição das Pontuações
Porcentagem de Pessoas com Cada Pontuação
Percentil de Números Respondidos
Sua Pontuação Histórica
Você não jogou esse quiz